| 000 | 00664cam a2200241 4500 | ||
|---|---|---|---|
| 005 | 20170125100453.0 | ||
| 008 | 250117 1990 sp spa | ||
| 020 | _a8474323975 | ||
| 050 | 0 | 4 |
_aHM271 _bG75 1990 |
| 100 | 1 | _aGrimal, Pierre | |
| 245 | 1 | 4 |
_aLos Extravíos de la libertad / _cPierre Grimal. |
| 250 | _a1a ed. | ||
| 260 |
_aBarcelona : _bGedisa, _c1990 |
||
| 300 |
_a186 p. ; _c23 cm. |
||
| 490 | 0 | _aCla-de-ma. Filosofía | |
| 500 | _a Traducción de : Les erreurs de la liberté | ||
| 504 | _aIncluye índice | ||
| 505 | _a | ||
| 650 | 4 | _aLibertad | |
| 650 | 4 | _aCivilización | |
| 700 | 1 |
_aBixio, Alberto L. _etr. |
|
| 942 |
_2lcc _cLIB |
||
| 999 |
_c92480 _d92480 |
||